KOHA-Header-6

Management Information Systems (Record no. 8534)

000 -LEADER
fixed length control field 00260nam a2200109Ia 4500
100 ## - MAIN ENTRY--AUTHOR NAME
Personal name Mary Sumner
245 #0 - TITLE STATEMENT
Title Management Information Systems
260 ## - PUBLICATION, DISTRIBUTION, ETC. (IMPRINT)
Place of publication London
Name of publisher Addison
Year of publication 2004
300 ## - PHYSICAL DESCRIPTION
Number of Pages 821
942 ## - ADDED ENTRY ELEMENTS (KOHA)
Koha item type Books
Holdings
Withdrawn status Lost status Collection code Permanent Location Current Location Shelving location Date acquired Full call number Accession Number Koha item type
    Management MAJU MAJU   2019-09-14 005.2 3302 Management

Powered by Koha